Music Quiz

Random Music or Artist Quiz

Rolling Stone's Greatest Albums Quiz Stats

 Plays Quiz Updated Jan 27, 2019

     
Support Sporcle.
Go Orange.
Score 0/100 Timer 14:00
7 Plays Today
# Album % Correct
10The Beatles
84.9%
1Sgt. Pepper's Lonely Hearts Club Band
80.7%
20Thriller
77.5%
14Abbey Road
75.8%
17Nevermind
71%
3Revolver
69.5%
43The Dark Side of the Moon
69.2%
2Pet Sounds
68.2%
29Led Zeppelin
66.5%
8London Calling
65.5%
26The Joshua Tree
62.3%
76Imagine
61.9%
37Hotel California
61.2%
5Rubber Soul
61%
75Led Zeppelin II
58.6%
87The Wall
58.5%
66Led Zeppelin IV
58.4%
73Back in Black
58.1%
86Let It Be
57.7%
15Are You Experienced?
56.3%
72Purple Rain
54.6%
85Born in the U.S.A.
53.7%
25Rumours
53.3%
18Born to Run
52.5%
35The Rise and Fall of Ziggy Stardust and the Spiders from Mars
48.7%
6What's Going On
48.5%
9Blonde on Blonde
48.3%
61Appetite for Destruction
45.9%
28Who's Next
45.7%
7Exile on Main St.
44.2%
4Highway 61 Revisited
43.6%
51Bridge Over Troubled Water
42.7%
63Sticky Fingers
41.7%
42The Doors
41.1%
# Album % Correct
96Tommy
40%
41Never Mind the Bollocks, Here's the Sex Pistols
38.4%
81Graceland
38.2%
70Physical Graffiti
37.2%
16Blood on the Tracks
37.1%
45The Band
36%
36Tapestry
35.8%
33Ramones
34.7%
78Harvest
34.6%
30Blue
34.2%
39Please Please Me
33.8%
91Goodbye Yellow Brick Road
33%
13The Velvet Underground & Nico
33%
32Let It Bleed
33%
54Electric Ladyland
33%
56Songs in the Key of Life
31.4%
12Kind of Blue
31.3%
68Off the Wall
30.7%
62Achtung Baby
30.4%
46Legend
29.9%
59Meet the Beatles!
29.5%
19Astral Weeks
28.4%
77The Clash
28.3%
65Moondance
27%
22John Lennon/Plastic Ono Band
26.7%
94Bitches Brew
26.4%
44Horses
25%
57Beggars Banquet
23.9%
82Axis: Bold as Love
23.6%
48It Takes a Nation of Millions to Hold Us Back
22.6%
23Innervisions
22.4%
97The Freewheelin' Bob Dylan
22%
52Al Green's Greatest Hits
22%
60Greatest Hits
21.8%
# Album % Correct
71After the Gold Rush
21%
67The Stranger
20.8%
34Music from Big Pink
20.1%
88At Folsom Prison
18.4%
69Superfly
18.3%
55Elvis Presley
17.9%
31Bringing It All Back Home
16.1%
47A Love Supreme
15.9%
58Trout Mask Replica
15%
24Live at the Apollo
14.8%
11The Sun Sessions
13.7%
95Green River
12.8%
90Talking Book
12.2%
40Forever Changes
12.2%
93Sign o' the Times
12.2%
89Dusty in Memphis
11.3%
98This Year's Model
10.5%
80Odessey and Oracle
10%
99There's a Riot Goin' On
9.5%
49At Fillmore East
8.9%
21The Great Twenty-Eight
8.6%
74Otis Blue: Otis Redding Sings Soul
8.5%
100In the Wee Small Hours
7.5%
84Lady Soul
7.3%
38The Anthology, 1947–1972
6.6%
50Here's Little Richard
6.3%
27King of the Delta Blues Singers
6%
83I Never Loved a Man the Way I Love You
5.6%
64Back to Mono (1958–1969)
5.6%
79Star Time
4%
9220 Golden Greats
3.3%
53The Birth of Soul: The Complete Atlantic Rhythm and Blues Recordings
3.1%

From the Vault

Multi-Category Minefield Blitz XI

by MSpitzig

If you think Deadpool is a Premier League team, this might not be the quiz for you.
Remove Ads.
Support Sporcle.
Get the best of Sporcle when you Go Orange. This ad-free experience offers more features, more stats, and more fun while also helping to support Sporcle. Thank you for becoming a member.

Show Comments

Extras

Top Quizzes Today


Score Distribution

Your Account Isn't Verified!

In order to create a playlist on Sporcle, you need to verify the email address you used during registration. Go to your Sporcle Settings to finish the process.

Report this User

Report this user for behavior that violates our Community Guidelines.

Details: